Hypotéka na zámorský spôsob

Charakteristika pojmu americká hypotéka. Spôsob zabezpečenia úveru nehnuteľnosťou. Nákup vecí formou úveru. Využite americkej hypotéky na kúpu vecí vysokej hodnoty. Schopnosť splácania úveru. Nezanedbávať riziko.

Salvato in:
Dettagli Bibliografici
Autore principale: Izakovič, Ondrej
Natura: Capitolo di libro
Lingua:slovacco
Soggetti:
Tags: Aggiungi Tag
Nessun Tag, puoi essere il primo ad aggiungerne!!

MARC

LEADER 00000naa$a2200000$$$4500
001 0056995
005 20231006122023.3
041 0 |a slo 
044 |a SK 
245 1 0 |a Hypotéka na zámorský spôsob  |c Ondrej Izakovič 
520 |a Charakteristika pojmu americká hypotéka. Spôsob zabezpečenia úveru nehnuteľnosťou. Nákup vecí formou úveru. Využite americkej hypotéky na kúpu vecí vysokej hodnoty. Schopnosť splácania úveru. Nezanedbávať riziko. 
610 2 0 |a hypotéky 
610 2 0 |a úver 
610 2 0 |a nehnuteľnosti 
610 2 0 |a riziko 
610 2 0 |a splátky 
100 1 |a Izakovič, Ondrej